| 000 | 00373pab a2200145 454500 | ||
|---|---|---|---|
| 008 | 180718b2001 xxu||||| |||| 00| 0 eng d | ||
| 100 | _aSalemi, Michael K. et al. | ||
| 245 | _aResearch in economic education: five new initiatives | ||
| 260 | _c2001 | ||
| 300 | _ap.440-45 | ||
| 362 | _aMay | ||
| 650 | _aEconomics | ||
| 773 | _aAmerican Economic Review | ||
| 909 | _a48823 | ||
| 999 |
_c48823 _d48823 |
||